header

Diversity and systematics of seed plants (Record no. 187300)

MARC details
000 -LEADER
fixed length control field 01224nam a2200337 a 4500
100 1# - MAIN ENTRY--AUTHOR NAME
Personal name Singh, V.
245 10 - TITLE STATEMENT
Title Diversity and systematics of seed plants
250 ## - EDITION STATEMENT
Edition statement Rev. ed.
260 ## - PUBLICATION, DISTRIBUTION, ETC. (IMPRINT)
Place of publication Meerut, India :
Name of publisher Rastogi Publications,
Year of publication 2009-2010.
300 ## - PHYSICAL DESCRIPTION
Number of Pages 344 p. :
Other physical details ill.
490 0# - SERIES STATEMENT
Series statement Text book of botany
505 0# - FORMATTED CONTENTS NOTE
Formatted contents note section 1. Gymnosperms -- section 2. Angiosperms.
650 #0 - SUBJECT ADDED ENTRY--TOPICAL TERM
Topical Term Gymnosperms.
Topical Term Angiosperms.
700 1# - ADDED ENTRY--PERSONAL NAME
Personal name Pande, P. C.
Personal name Jain, D. K.
856 40 - ELECTRONIC LOCATION AND ACCESS
Uniform Resource Identifier http://site.ebrary.com/lib/rucke/Doc?id=10417605

No items available.

© 2026 Rongo University
Contact us: librarian | system librarian | Rongo university